00760nam a2200205 a 450000100100000000500170001000800410002702000150006804000250008310000240010824501070013226000360023930000200027549000310029550000420032650400300036883000340039895201050043299900170053700003831720201002031228.0130408s1985 dr 000 0 spa d a8484001490 aDO-SdBNPbspacBNPHU1 aCroes, Edwin96467914aLas estrategias económicas de los poderes mundiales para Centroamérica y el Caribe /cEdwin Croes. aSanto Domingo :bTaller,c1985. a60 p. ;c22 cm.1 aBiblioteca Tallervno. 191 aIncluye notas al pie de las páginas aBibliografía : p. 58-61 0aBiblioteca Tallern191964680 0010718PDaPDbPDcCTd2013-04-08iLF1l0o p38317-10r2020-06-25w2020-06-25yLFPDZNo se presta c37807d37807